000 00764 a2200217 4500
020 _a1402080980
020 _a1402080980
040 _aDLC
_bDLC
082 0 0 _a519.6
100 1 _aJongen, H. Th.
245 1 0 _aOptimization theory
_cHubertus Th. Jongen, Klaus Meer, Eberhard Triesch.
260 _aBoston :
_bKluwer Academic Publishers,
_cc2004.
300 _axi, 443 p. :
_bill. ;
_c25 cm.
650 0 _aMathematical optimization.
650 0 _aMaxima and minima.
700 1 _aMeer, Klaus.
700 1 _aTriesch, Eberhard.
856 4 2 _3Publisher description
_uhttp://www.loc.gov/catdir/enhancements/fy0814/2004053846-d.html
856 4 2 _3Table of contents only
_uhttp://www.loc.gov/catdir/enhancements/fy0814/2004053846-t.html
942 _cBK
_k519.6 JON
_2ddc
999 _c7694
_d7694